Normal view
MARC view
Entry Término temático
001 - NÚMERO DE CONTROL
- campo de control: 21433
003 - IDENTIFICADOR DEL NÚMERO DE CONTROL
- campo de control: FranzMayer
005 - FECHA Y HORA DE LA ÚLTIMA TRANSACCIÓN
- campo de control: 20190320210328.0
008 - DATOS DE LONGITUD FIJA
- campo de control de longitud fija: 190320|| aca||aabn | a|a d
040 ## - FUENTE DE LA CATALOGACIÓN
- Centro catalogador/agencia de origen: FranzMayer
- Centro/agencia transcriptor: FranzMayer
150 ## - ENCABEZAMIENTO--TÉRMINO DE MATERIA
- Término de materia o nombre geográfico como elemento de entrada: Genealogía
- : Léxico
- Subdivisión geográfica: Alemania
670 ## - FUENTE DE DATOS ENCONTRADOS
- Cita de la fuente: Work cat.: (FranzMayer): Gauhen, Johann Friedrich 21432, Des heil, roöm reichs genealogisch historisches adels-lexicon, darinnen die älteste und ansehnlichste adeliche freyherrliche und gräfliche familien nach ihrem alterthum ursprunge vertheilungen in unterschiedene häuser c. nebst den leben derer daraus entsprossenen berühmtesten personen insonderheit saats- minister mit bemahrten zeugnissen vorgestellet werden, 1719